[Event "Challenge"]
[Site "http://www.queenalice.com/game.php?id=388038"]
[Date "2008.4.15"]
[Round "-"]
[White "llfs"]
[Black "screamineon"]
[Result "1-0"]
[WhiteElo "1442"]
[BlackElo "1237"]

1. d4 d5 2. b4 Nf6 3. e3 e6 4. a3 Be7 5. Nc3 O-O 6. Nf3 h6 7. Bd3 Nbd7 8. O-O
Nh7 9. Ne1 c6 10. e4 dxe4 11. Bxe4 Ng5 12. Bd3 1-0

[Event "Challenge"]
[Site "http://www.queenalice.com/game.php?id=388040"]
[Date "2008.4.15"]
[Round "-"]
[White "Tanatos"]
[Black "screamineon"]
[Result "1-0"]
[WhiteElo "1634"]
[BlackElo "1222"]

1. e4 e5 2. Nf3 Nc6 3. Bb5 Be7 4. Bxc6 dxc6 5. d3 Qd6 6. b3 Qf6 7. Bg5 Qg6 8.
Bxe7 Nxe7 9. g3 Bg4 10. O-O Qh5 11. h4 Rd8 12. Kg2 Rd6 13. Nbd2 Rh6 14. Nc4 Ng6
15. Rh1 O-O 16. Qe2 f5 17. exf5 Rxf5 18. Kg1 Bxf3 19. Qe3 Bxh1 20. Kxh1 Nxh4 21.
Qxa7 1-0

[Event "Challenge"]
[Site "http://www.queenalice.com/game.php?id=388047"]
[Date "2008.4.15"]
[Round "-"]
[White "floyd_page"]
[Black "screamineon"]
[Result "1-0"]
[WhiteElo "1725"]
[BlackElo "1222"]

1. e4 e5 2. Nf3 Nc6 3. Bc4 d6 4. d4 Bg4 5. c3 exd4 6. cxd4 Nf6 7. Nc3 Be7 8. Be3
O-O 9. O-O h6 10. h3 Bh5 11. Be2 1-0

[Event "Challenge"]
[Site "http://www.queenalice.com/game.php?id=388048"]
[Date "2008.4.15"]
[Round "-"]
[White "mmarco"]
[Black "screamineon"]
[Result "1-0"]
[WhiteElo "1354"]
[BlackElo "1265"]

1. e4 e5 2. d4 exd4 3. Qh5 Nf6 4. Qe5+ Be7 5. Qxd4 Nc6 6. Qd1 Nxe4 7. f3 Bb4+ 8.
c3 Qh4+ 9. g3 Bxc3+ 10. bxc3 Nxg3 11. hxg3 Qxh1 12. Ne2 Qxf3 13. Nd2 Qg4 14. Bb2
O-O 15. Ba3 Re8 16. Qb3 d6 17. Qb5 a6 18. Qd3 1-0

[Event "Challenge"]
[Site "http://www.queenalice.com/game.php?id=388074"]
[Date "2008.4.15"]
[Round "-"]
[White "rafajeff"]
[Black "screamineon"]
[Result "1-0"]
[WhiteElo "1679"]
[BlackElo "1237"]

1. e4 e5 2. Bc4 Nc6 3. Qf3 Nf6 4. d3 Nd4 5. Qd1 c6 6. Bg5 d6 7. c3 Ne6 8. Nf3
Nc7 9. Qb3 Qe7 10. h3 b5 11. h4 bxc4 12. dxc4 h6 13. Bd2 Nxe4 14. Be3 Ne6 15.
Na3 1-0

[Event "Challenge"]
[Site "http://www.queenalice.com/game.php?id=388090"]
[Date "2008.4.15"]
[Round "-"]
[White "caraumar"]
[Black "screamineon"]
[Result "1-0"]
[WhiteElo "1723"]
[BlackElo "1222"]

1. d4 d5 2. e3 e6 3. Nf3 Nf6 4. a3 Be7 5. c4 O-O 6. c5 Ne8 7. Bd3 g6 8. e4 dxe4
9. Bxe4 c6 10. Bh6 Ng7 11. O-O Nd7 12. Qd2 Nf6 13. Bd3 1-0

[Event "Challenge"]
[Site "http://www.queenalice.com/game.php?id=389708"]
[Date "2008.4.18"]
[Round "-"]
[White "roqqk"]
[Black "screamineon"]
[Result "1-0"]
[WhiteElo "1639"]
[BlackElo "1268"]

1. e4 e5 2. Nf3 Nc6 3. Bb5 Bc5 4. Bxc6 dxc6 5. Nxe5 Qd4 6. Nd3 Qxe4+ 7. Qe2
Qxe2+ 8. Kxe2 Bb6 9. b4 Bf5 10. Bb2 f6 11. Nc3 Ne7 12. Rhe1 O-O 13. Kf1 Ng6 14.
b5 c5 15. Nd5 c4 16. N3b4 1-0